Anatomía aplicada del bovino

Zapisane w:
Opis bibliograficzny
1. autor: Gloobe, Hanan
Format: Książka
Język:hiszpański
Wydane: San José IICA 1989
Hasła przedmiotowe:
Etykiety: Dodaj etykietę
Nie ma etykietki, Dołącz pierwszą etykiete!

MARC

LEADER 00000nam a2200000 a 4500
001 UCQ3377
003 CL-VaPUC
005 20250224085543.0
008 980821e19890000CR |||||||||||||||||spa|d
999 |c 273963  |d 273961 
040 |c Pontificia Universidad Católica de Valparaíso 
082 0 4 |a 636.2 GLO 1989  |2 21 
100 0 |a Gloobe, Hanan  |9 417457 
245 1 0 |a Anatomía aplicada del bovino 
260 0 3 |a San José  |b IICA  |c 1989 
300 |a 226 páginas 
583 |a last modification  |c 19980821 00:00:00  |k Rodrigo Vera 
650 0 |a Vacunos  |9 395942 
650 0 |a Anatomía  |9 261202 
650 7 |a FISIOLOGIA  |2 CL-VaPUC  |9 417459 
650 0 |a Anatomía veterinaria   |9 417460 
650 7 |a TORAX  |2 CL-VaPUC  |9 344506 
650 0 |a Abdomen  |9 344507 
650 0 |a Encéfalo  |9 409891 
852 |a BIBCUR 
942 |c BK  |2 ddc 
945 |d 19980821 00:00:00  |a aarredon